00564nam a22001457a 4500003000400000082001700004100002500021245016300046260004400209300000700253650001900260942001200279952011000291999001700401SGT a617.69bC25G aGupta, Ayesha Indira aComparative Evaluation of the stress distribution patterns in bone as affected by loading of implants in various osseous defectsbA 3D finite element analysis aGurugram, HaryanabSGT Universityc2025 a91 aProsthodontics 2ddccTH 00102ddc405171aFDbFDd2025-07-14iSGTUl0o617.69 C25GpDT2261r2025-07-14 00:00:00w2025-07-14yTH c32109d32109